[Event "FTX Crypto Cup Prelims 2021"]
[Site "Chess24"]
[Date "2021.05.18"]
[Round "10.6"]
[White "Radjabov, Teimour"]
[Black "Pichot, Alan"]
[Result "1-0"]
[WhiteElo "2758"]
[BlackElo "2533"]
[Annotator "TA"]
[PlyCount "71"]
[EventDate "2021.05.23"]
[EventType "tourn"]
[EventCountry "NET"]
[Tiebreak "Koya+Number of black wins+Number of wins"]
[SourceTitle "playchess.com"]
[Source "ChessBase"]
[SourceQuality "1"]

{[%evp 9,71,0,5,0,-4,-9,0,0,0,0,6,0,0,-8,5,0,0,0,0,11,22,25,21,26,22,0,26,14,
22,18,18,7,47,54,55,52,70,52,60,60,94,103,92,86,171,99,229,223,261,258,311,245,
246,154,155,159,289,263,730,722,719,714,731,731]} 1. Nf3 Nf6 2. b3 d5 3. Bb2
Bf5 4. e3 e6 5. Be2 h6 6. d3 {A06: Réti Opening: 1 Nf3 d5.} Be7 7. Nbd2 Bh7 8.
O-O {The position is equal.} O-O 9. c4 a5 {[#]} 10. a3 $146 ({Predecessor:} 10.
Qc2 Na6 11. a3 c6 12. Qc3 Nc5 13. Ne5 Ne8 14. d4 Nd7 15. Nd3 Bf6 16. c5 {
0-1 (33) Swallow-Welling,G (2330) Wijk aan Zee 1991}) 10... Nbd7 11. Qc2 Bd6
12. Bc3 Qe7 13. Qb2 c6 14. b4 axb4 (14... e5 {seems wilder.} 15. d4 exd4 16.
Nxd4 Ne5 17. N4f3 Nxc4 18. Nxc4 dxc4 19. Bxc4 axb4 20. axb4 Be4) 15. axb4 e5
16. Rxa8 Rxa8 17. d4 {[%cal Rd4e5]} exd4 18. Nxd4 Ne5 19. c5 Bc7 20. N4f3 {
[%cal Rf3e5]} Neg4 21. Bd4 Ne4 22. h3 Ngf6 23. Nxe4 Bxe4 24. b5 Re8 25. Ra1 Kh7
26. Kf1 cxb5 (26... Bb8 $16 {was worth a try.}) 27. Qxb5 (27. Ra7 $18) 27...
Rb8 {A mistake that costs the game.} (27... Bxf3 $16 {is a better defense.} 28.
Bxf3 Be5) 28. Ra7 $18 Bxf3 29. gxf3 Qe6 30. Bd3+ ({Weaker is} 30. Rxb7 Qxh3+
31. Ke1 Rxb7 $16) 30... Kg8 31. Rxb7 Qxh3+ 32. Ke2 Qc8 (32... Rxb7 $16 33. Qxb7
Qd7) 33. c6 Ra8 $2 (33... Qd8 34. Bc2 Ra8) 34. Bxf6 {White is clearly winning.}
gxf6 35. Qxd5 {[#] And now Bc4 would win.} Ra5 36. Qd7 {Weighted Error Value:
White=0.12/Black=0.26} 1-0

[Event "FTX Crypto Cup Prelims 2021"]
[Site "Chess24"]
[Date "2021.05.18"]
[Round "10.7"]
[White "Mamedyarov, Shakhriyar"]
[Black "Vachier-Lagrave, Maxime"]
[Result "1-0"]
[WhiteElo "2761"]
[BlackElo "2860"]
[Annotator "TA"]
[PlyCount "79"]
[EventDate "2021.05.23"]
[EventType "tourn"]
[EventCountry "NET"]
[Tiebreak "Koya+Number of black wins+Number of wins"]
[SourceTitle "playchess.com"]
[Source "ChessBase"]
[SourceQuality "1"]

{[%evp 13,79,18,16,7,18,12,8,0,23,8,78,29,66,61,66,41,58,56,44,48,57,37,64,67,
176,181,168,165,190,181,248,248,247,233,269,253,302,327,321,285,293,300,297,
299,302,302,306,337,339,381,381,381,352,327,340,247,247,205,294,289,292,310,
339,322,397,381,357,357]} 1. e4 c5 2. c3 d5 3. exd5 Qxd5 4. d4 Nf6 5. Nf3 e6 6.
Na3 {[%cal Bb1a3,Ba3c4,Bc4e3][%mdl 32]} a6 7. Nc4 Nbd7 8. Be2 {B22: Sicilian:
2 c3.} b5 9. Ne3 Qc6 10. O-O {The position is equal.} Bb7 11. a4 b4 {[#]} (
11... Be7 $11 {remains equal.}) 12. Ne5 $146 ({Predecessor:} 12. Nc4 bxc3 13.
bxc3 Qc7 14. Nfe5 Be7 15. Bf3 O-O 16. Bg5 Ra7 17. Bf4 Bxf3 18. Qxf3 {1-0 (33)
Hindermann,F (2260)-Boros,D (2501) Dresden 2007}) 12... Nxe5 13. dxe5 Rd8 14.
Qb3 Nd7 15. Bf3 Qc7 16. Bxb7 Qxb7 17. Nc4 Nb6 18. Bg5 Be7 {White leaves
nothing to chance now.} (18... Nxc4 $14 19. Qxc4 Rd5) 19. Bxe7 $18 Kxe7 {[#]}
20. Na5 $1 {[%cal Ra5b7]} Qc7 21. cxb4 Nd5 {[#]} (21... Rd5 $142 22. b5 Rc8)
22. Rac1 $1 {[%cal Rc1c5]} Rb8 23. Qg3 ({Stronger than} 23. Rxc5 Qxc5 24. bxc5
Rxb3 $11) 23... Rxb4 24. Qxg7 Rbb8 25. Qg5+ Kd7 {[#]} 26. Qh5 $1 Kc8 27. Nc4 {
Threatens to win with Nd6+.} Kb7 28. f4 Ka7 29. f5 Rhd8 30. fxe6 ({Don't
blunder} 30. Qxh7 $2 Rh8 $19) 30... fxe6 31. Rf7 Rd7 32. Rcf1 {And now Rxd7
would win.} Rbd8 33. Qxh7 Ne7 34. Nd6 {aiming for Qh6.} Nf5 35. h3 c4 (35...
Nxd6 $142 36. exd6 Qxd6) 36. Rf4 Nxd6 37. exd6 Qxd6 38. Qe4 ({Worse is} 38.
Rxc4 Qd1+ 39. Kh2 Qd6+ 40. Kh1 Qd1+ 41. Kh2 Qd6+ 42. Kh1 Qd1+ 43. Kh2 $11)
38... e5 39. Rxd7+ Rxd7 40. Qe3+ {Weighted Error Value: White=0.09/Black=0.21}
1-0

[Event "FTX Crypto Cup Prelims 2021"]
[Site "Chess24"]
[Date "2021.05.18"]
[Round "10.8"]
[White "Nepomniachtchi, Ian"]
[Black "So, Wesley"]
[Result "1/2-1/2"]
[WhiteElo "2778"]
[BlackElo "2741"]
[Annotator "TA"]
[PlyCount "82"]
[EventDate "2021.05.23"]
[EventType "tourn"]
[EventCountry "NET"]
[Tiebreak "Koya+Number of black wins+Number of wins"]
[SourceTitle "playchess.com"]
[Source "ChessBase"]
[SourceQuality "1"]

{[%evp 11,82,34,27,34,35,-19,31,24,24,24,36,33,40,45,35,39,50,32,33,16,24,27,
17,25,18,16,25,19,43,43,48,61,71,28,26,33,31,24,28,23,27,17,23,24,21,18,22,20,
35,20,58,38,38,38,51,0,3,0,0,0,0,0,0,0,0,0,0,0,0,0,0,0,0]} 1. d4 Nf6 2. c4 e6
3. Nf3 d5 4. Nc3 c5 5. cxd5 cxd4 6. Qxd4 exd5 7. e4 {D41: Queen's Gambit
Declined: Semi-Tarrasch with 5 cxd5.} dxe4 8. Qxd8+ Kxd8 9. Ng5 {White is
slightly better.} Be6 10. Nxe6+ (10. g3 Bb4 11. Bd2 Ke7 12. Bg2 Nc6 13. Nxe6
Kxe6 14. Nxe4 Nxe4 15. Bxe4 Bxd2+ 16. Kxd2 Rad8+ 17. Ke3 Ne5 18. Rac1 Rd7 19.
f4 f5 20. Bxf5+ Kxf5 21. Rc5 Re8 22. Rf1 b6 23. Rb5 Rd3+ 24. Ke2 Rd7 25. Rf3
Kf6 26. fxe5+ Ke6 27. Rc3 Kf5 28. Re3 {1/2-1/2 (42) Nepomniachtchi,I (2789)-So,
W (2770) chess24.com INT 2021}) 10... fxe6 11. Bg5 h6 $1 {[%mdl 4] 11...h6 is
setting a new trend.} 12. O-O-O+ Ke7 $1 13. Bxf6+ gxf6 14. Nxe4 Bg7 15. Ng3 f5
16. Bd3 {Hoping for Rhe1.} Nc6 17. Rhe1 {And now Nxf5+ would win.} Be5 18.
Nxf5+ exf5 19. f4 $1 {[%mdl 64] [#] Pin} Rad8 20. fxe5 Rhf8 21. Re3 Rd5 {[#]}
22. Rf1 $146 (22. Bc2 $5 {[%cal Rd1d5]} Rxd1+ 23. Bxd1 $14) ({Predecessor:} 22.
Rh3 Nxe5 23. Bc2 Rxd1+ 24. Kxd1 Rf6 25. Ke2 Rb6 26. b3 Ra6 27. Bb1 f4 28. Rh5
Re6 29. Bf5 Ra6 30. Bb1 Re6 31. Bf5 Ra6 32. Bb1 {1/2-1/2 (32) Radjabov,T (2765)
-So,W (2770) chess24.com INT 2020}) 22... f4 23. Rh3 Nxe5 24. Re1 Rf6 25. Be4
Rc5+ 26. Kb1 b6 27. b4 Rc4 28. a3 {aiming for Rh5.} Rd4 29. Bb7 Kd6 30. Kc2 a5
31. Kc3 Rc4+ 32. Kb3 {Rh5 is the strong threat.} Rd4 33. Rh5 Rd3+ {The
position is equal.} 34. Ka4 Nc4 35. Rc1 Rxa3+ 36. Kb5 Ne3 37. Rc6+ {[%mdl 64] 
[#] Double Attack} ({Much weaker is} 37. Kxb6 axb4 38. Rhc5 b3 $17) 37... Ke7
38. Re5+ Kf7 39. Rc7+ Kf8 40. Be4 axb4 41. Kxb4 Ra5 {Weighted Error Value:
White=0.04/Black=0.03} 1/2-1/2

[Event "FTX Crypto Cup Prelims 2021"]
[Site "Chess24"]
[Date "2021.05.18"]
[Round "11.2"]
[White "Vachier-Lagrave, Maxime"]
[Black "Nepomniachtchi, Ian"]
[Result "1-0"]
[WhiteElo "2860"]
[BlackElo "2778"]
[Annotator "TA"]
[PlyCount "165"]
[EventDate "2021.05.23"]
[EventType "tourn"]
[EventCountry "NET"]
[Tiebreak "Koya+Number of black wins+Number of wins"]
[SourceTitle "playchess.com"]
[Source "ChessBase"]
[SourceQuality "1"]

{[%evp 9,165,22,43,43,48,47,64,6,20,12,28,9,20,21,26,0,-4,-9,52,56,50,17,35,13,
16,21,10,4,41,43,62,80,71,78,55,0,122,129,125,110,127,123,137,137,173,173,155,
155,153,37,57,57,59,22,27,8,8,8,8,8,8,8,39,39,70,75,125,21,23,24,36,31,117,8,8,
8,8,8,8,8,8,8,8,8,8,8,8,8,8,8,8,8,37,37,52,52,29949,764,29950,29952,29952,
29954,29954,29955,29954,29946,29955,29945,29945,29946,29946,29950,29948,29947,
29949,4137,29978,29979,29979,29980,29979,29980,29980,29978,29978,29978,29979,
29977,29976,29976,29976,29978,29979,29976,29979,29980,29980,29981,29981,29980,
29982,29975,29983,29984,29987,29986,29988,29987,29989,29990,29990,29990,29991,
29992,29992,29992,29992,4145]} 1. d4 e6 2. Nf3 Nf6 3. c4 d5 4. Nc3 dxc4 5. e4
b5 6. e5 {D24: Queen's Gambit Accepted: 3 Nf3 Nf6 4 Nc3.} Nd5 7. Nxb5 Nb6 8. a4
(8. Be2 $14) 8... Qd7 {[#]} 9. Na3 $146 ({Predecessor:} 9. Be2 Nc6 10. O-O Na5
11. Ng5 h6 12. Ne4 Bb7 13. Nc5 Bxc5 14. dxc5 Nd5 15. Ra3 {0-1 (45) Carlsen,M 
(2863)-Nakamura,H (2736) chess24.com INT 2020}) 9... Bb4+ 10. Bd2 Bxa3 11. Rxa3
a5 12. h4 Nc6 13. h5 h6 (13... Nxd4 $11 14. h6 gxh6) 14. Rh4 $14 Bb7 15. Qc1
Nb4 16. Rg4 (16. Bxc4 Nxc4 17. Qxc4 Ba6 $11) 16... f5 17. exf6 $1 gxf6 18. Bxc4
{Bxb4 is the strong threat.} ({But not} 18. Bxh6 Qf7 $17) 18... Nxc4 (18... e5
$5 {[%cal Rd7g4]} 19. Rg6 Nxc4 20. Qxc4 O-O-O $14) 19. Qxc4 Ba6 20. Qc5 Nd3+ {
[#]} 21. Rxd3 $1 Bxd3 {[#]} 22. Bxh6 $1 Qd6 ({Don't blunder} 22... Qxa4 $2 23.
Bg7 $18) (22... O-O-O $11 {keeps the balance.} 23. Rg7 Qd6 24. Qxa5 Qc6) (22...
e5 23. Rg7) 23. Bg7 $1 $36 {[%cal Rg7h8][%mdl 2048] White is in control.} Qxc5
24. dxc5 Rg8 25. h6 $1 e5 26. Rg3 $1 Bh7 27. Bxf6 Rxg3 28. fxg3 $18 {[%mdl
4096] Endgame KRB-KBN} Ra6 29. Bxe5 (29. Bg7 $16) 29... Rxh6 $14 30. Bxc7 Rh1+
31. Kd2 Rb1 32. Kc3 Rc1+ 33. Kd4 Rc2 34. Bxa5 Rxb2 35. Bd2 Bf5 36. a5 Bg4 37.
Bf4 Rxg2 {[#]} 38. Ne5 ({White has to play} 38. Nd2 $1 $16) 38... Bc8 39. c6
Ra2 40. Nc4 Be6 ({Black should try} 40... Ke7 $1 $14) 41. Nb6 (41. Nd6+ $16 Kd8
42. Nb5) 41... Rxa5 $11 42. c7 Ra6 $1 {[%cal Ra6b6]} 43. Kc5 Kf7 44. c8=Q (44.
Kc6 {looks sharper.} Ra3 45. Nd7 Rc3+ 46. Nc5 Ke7 47. Bg5+) 44... Bxc8 45. Nxc8
{next Kd5 is good for White.} Kg6 46. Nd6 Kh5 47. Nc4 Kg4 48. Ne5+ Kh3 49. Kd4
{Threatens to win with Ke4.} Ra3 50. g4 {aiming for Ke4.} Ra4+ (50... Ra5 {
is more complex.} 51. g5 Ra4+ 52. Ke3 Kh4 53. Kf3 Ra1) 51. Ke3 {Hoping for Kf3.
} Kh4 52. Kf3 {And now Bd2 would win.} Ra8 $2 {[%mdl 8192] [#] This move loses
the game for Black.} (52... Ra5 $14 53. Ng6+ Kh3) 53. Ng6+ $1 Kh3 54. Bd6 Ra6
55. Nf4+ Kh2 56. Bc5 Ra5 57. Be3 Rb5 58. Bf2 Rb3+ 59. Ke4 Rb5 60. Nd5 Rb2 61.
Bd4 Rg2 62. Be5+ Kh3 63. Nf4+ {[%mdl 64] Double Attack. White mates.} Kxg4 64.
Nxg2 Kh3 65. Ne3 Kh4 66. Bf4 Kh3 67. Kf3 Kh4 68. Bg3+ Kh3 69. Bf2 Kh2 70. Nd1
Kh1 71. Be1 Kh2 72. Bg3+ Kh1 73. Nf2+ Kg1 74. Bf4 Kf1 75. Bh2 Ke1 76. Ne4 Kf1
77. Nd2+ Ke1 78. Ke3 Kd1 79. Kd3 Ke1 80. Bg3+ Kd1 81. Nc4 Kc1 82. Bf2 Kd1 83.
Nb2+ {Weighted Error Value: White=0.17/Black=0.22} 1-0

[Event "FTX Crypto Cup Prelims 2021"]
[Site "Chess24"]
[Date "2021.05.18"]
[Round "11.3"]
[White "Pichot, Alan"]
[Black "Mamedyarov, Shakhriyar"]
[Result "0-1"]
[WhiteElo "2533"]
[BlackElo "2761"]
[Annotator "TA"]
[PlyCount "64"]
[EventDate "2021.05.23"]
[EventType "tourn"]
[EventCountry "NET"]
[Tiebreak "Koya+Number of black wins+Number of wins"]
[SourceTitle "playchess.com"]
[Source "ChessBase"]
[SourceQuality "1"]

{[%evp 17,64,28,32,60,48,0,0,0,0,-45,1,-84,-66,-106,-95,-213,-154,-152,-137,
-160,-153,-227,-233,-312,-308,-367,-366,-398,-7,0,5,14,12,-187,-192,-397,-368,
-453,-448,-452,-423,-446,-438,-427,-421,-424,-426,-442,-409]} 1. e4 c5 2. Nf3
e6 3. d4 cxd4 4. Nxd4 Nf6 5. Nc3 Nc6 6. Nxc6 bxc6 7. e5 Nd5 8. Ne4 Qc7 9. f4 f5
10. exf6 $1 {B45: Sicilian Four Knights.} gxf6 $1 {[%mdl 4] is now more
promising than 10...Nxf6.} 11. Qh5+ Kd8 12. Qf3 $1 {[#] The position is equal.}
Rb8 $146 ({Predecessor:} 12... f5 13. Ng5 {1/2-1/2 (13) Greig,S (2215)-Sesko,M
(2243) ICCF email 2019}) 13. Bd3 Qb6 14. c3 (14. Qe2 $11 {keeps the balance.})
14... f5 $17 15. Nf2 Rg8 16. O-O (16. g3 $17 {keeps fighting.}) 16... c5 {
And now ...Bb7 would win.} 17. Bxf5 exf5 18. Qxd5 Qg6 {Hoping for ...Bb7.} 19.
Rd1 (19. g4 $17 Bb7 20. Qd3 (20. Qe5 Kc8 $19)) 19... Rg7 $1 $19 {[%mdl 1024]
Black has strong compensation.} 20. g3 Bb7 $1 {[%cal Rb7d5]} 21. Qe5 Rc8 22. c4
h5 $2 (22... Re7 $1 $19 23. Qc3 Bg7) 23. Bd2 $11 {Strongly threatening Ba5+.}
Re7 $132 {[%mdl 2048] Black is not holding back} 24. Ba5+ Ke8 $1 25. Qh8 {
[#] Now White is beyond hope.} (25. Qd6 $11 {and White has nothing to worry.}
Qxd6 26. Rxd6) 25... Kf7 $1 $19 {aiming for ...Bg7.} 26. Bc3 (26. Nh3 Bh6 27.
Qc3 (27. Bd8 $2 Bg7 $19)) 26... Bh6 27. Rd6 Qxd6 {Black is clearly winning.}
28. Qh7+ Ke8 29. Qh8+ Bf8 30. Qxh5+ {[#]} Kd8 $1 31. Ba5+ {[#]} Rc7 $1 {
...Qc6! is the strong threat.} 32. Rd1 (32. Qxf5 Qc6) 32... Qe6 {Weighted
Error Value: White=0.62/Black=0.25} 0-1

[Event "FTX Crypto Cup Prelims 2021"]
[Site "Chess24"]
[Date "2021.05.18"]
[Round "11.4"]
[White "Giri, Anish"]
[Black "Radjabov, Teimour"]
[Result "1-0"]
[WhiteElo "2731"]
[BlackElo "2758"]
[Annotator "TA"]
[PlyCount "83"]
[EventDate "2021.05.23"]
[EventType "tourn"]
[EventCountry "NET"]
[Tiebreak "Koya+Number of black wins+Number of wins"]
[SourceTitle "playchess.com"]
[Source "ChessBase"]
[SourceQuality "1"]

{[%evp 16,83,29,-14,-1,-5,-10,-23,-12,-9,2,0,7,1,23,12,0,0,31,29,21,17,38,-22,
-26,-20,0,-4,53,57,60,0,0,-8,-8,-11,-23,-14,-8,-13,31,-91,-89,-78,-60,-48,-56,
-47,-53,-105,0,0,0,0,0,0,93,93,236,279,325,311,527,527,468,486,440,256,379,383]
} 1. e4 e5 2. Nf3 Nc6 3. Bb5 Nf6 4. O-O Nxe4 5. d4 Nd6 6. Bxc6 dxc6 7. dxe5 Nf5
8. Qxd8+ Kxd8 9. h3 Bd7 {C67: Ruy Lopez: Berlin Defence: 4 0-0 Nxe4.} 10. Rd1
Kc8 (10... Be7 {is interesting.} 11. a4 a5 12. Ng5 Ke8 13. b3 Rd8) 11. g4 {
[#] Black must now prevent Rxd7.} Ne7 {Black has an edge.} 12. Ng5 Be8 13. f4
c5 {13...c5 is a critical line.} 14. f5 h6 (14... b6 {seems wilder.} 15. Nc3 h5
16. Kf2 hxg4 17. hxg4 Rh2+) 15. Nf3 {[#]} Nc6 $146 ({Predecessor:} 15... Bc6
16. Kf2 b6 17. Nc3 Bxf3 18. Kxf3 Nc6 19. Bf4 Nd4+ 20. Ke4 Nxc2 21. Rac1 Nd4 {
1-0 (35) Hablizel,F (2301)-Popov,V (2110) ICCF email 2014}) 16. Kf2 Nb4 17. Na3
Bc6 18. c3 Nd5 19. Nc2 (19. c4 $14 Nb4 20. Nb5) 19... b5 $11 20. Ne3 Nb6 21. b3
Kb7 ({Better is} 21... Be7 $11) 22. c4 $1 $14 a6 23. Bb2 (23. h4 $14) 23... Be7
$11 24. Rac1 h5 25. g5 Bxf3 26. Kxf3 {Threatens to win with Rg1.} Bxg5 27. Rg1
Bh6 (27... Bxe3 $5 28. Kxe3 Rhg8 $11) 28. Rc2 (28. e6 $14 {keeps the upper
hand.}) 28... Rhd8 $17 29. Ke4 Rd7 (29... Kc6 {feels hotter.} 30. Rgg2 Re8 31.
Nd5 bxc4 32. bxc4 Rad8) 30. cxb5 axb5 31. Rxc5 Rxa2 32. Rc2 (32. Rg2 $15) 32...
Bxe3 (32... Re7 $17 {Strongly threatening ...Nd7.} 33. Ra1 {[#]} Rxb2 $1 34.
Rxb2 Nd7) 33. Kxe3 $11 Nd5+ 34. Ke4 $1 Nb4 35. Rcg2 Nd3 (35... Nc6 $11 {
remains equal.}) 36. Bd4 $16 Rxg2 {This move loses the game for Black.} (36...
Ra3 $16 {was worth a try.}) 37. Rxg2 {KRB-KRN} c5 38. Be3 c4 $2 (38... g6 {
might work better.} 39. fxg6 fxg6) 39. bxc4 $18 bxc4 40. Rxg7 Kc6 {intending ..
.Rd5.} 41. Rh7 (41. f6 $142) 41... Nxe5 (41... Nb4 {is a better defense.} 42.
Rh6+ (42. Rxh5 c3 $16) 42... Kc7) 42. Rh6+ {Weighted Error Value: White=0.17/
Black=0.32} 1-0

[Event "FTX Crypto Cup Prelims 2021"]
[Site "Chess24"]
[Date "2021.05.18"]
[Round "11.5"]
[White "Ding, Liren"]
[Black "Caruana, Fabiano"]
[Result "1/2-1/2"]
[WhiteElo "2836"]
[BlackElo "2773"]
[Annotator "TA"]
[PlyCount "123"]
[EventDate "2021.05.23"]
[EventType "tourn"]
[EventCountry "NET"]
[Tiebreak "Koya+Number of black wins+Number of wins"]
[SourceTitle "playchess.com"]
[Source "ChessBase"]
[SourceQuality "1"]

{[%evp 15,123,41,28,31,35,23,37,35,9,22,50,34,12,9,13,12,38,39,43,25,66,42,98,
98,99,50,48,43,52,47,44,45,33,9,35,8,8,8,68,68,68,68,69,68,68,68,68,68,68,68,
68,60,61,60,60,60,60,60,60,60,60,60,60,60,60,31,31,31,31,31,31,31,31,31,31,31,
31,0,31,31,31,31,31,31,31,31,31,31,31,31,31,31,47,0,31,8,22,4,5,0,0,0,0,0,0,0,
0,-8,8,8]} 1. Nf3 d5 2. g3 c5 3. Bg2 Nc6 4. d4 Nf6 5. O-O cxd4 6. Nxd4 e5 7.
Nxc6 bxc6 8. c4 Be6 9. Bg5 {D02: 1 d4 d5 2 Nf3 sidelines, including 2...Nf6 3
g3 and 2...Nf6 3 Bf4.} Rc8 10. Qa4 {And now cxd5 would win. was the old line 
(10.cxd5).} Qd7 11. Bxf6 {White is slightly better.} gxf6 12. e3 {[#]} Rb8 $146
({Predecessor:} 12... d4 13. exd4 exd4 14. c5 Bxc5 15. Rc1 Qe7 16. Bxc6+ Kf8
17. Nd2 Kg7 18. Qb5 Bb6 {1/2-1/2 (30) Nakamura,H (2787)-Anand,V (2784) Zuerich
2016}) 13. cxd5 cxd5 14. Qxd7+ Kxd7 15. Nc3 d4 16. exd4 Rxb2 17. Rfd1 Bb4 18.
Na4 (18. dxe5+ {is more complex.} Ke7 19. Nd5+ Bxd5 20. Rxd5 Rc8 21. exf6+ Kxf6
22. Rd4) 18... Rxa2 {[#]} (18... Rd2 $14) 19. d5 $1 $16 {[%cal Rd5e6]} Bg4 {
White must now prevent ...Rxa1.} 20. Rxa2 (20. Bh3 {is interesting.} Bxh3 21.
Rxa2 Rc8 22. Rb2 Rc4 23. Rdb1) 20... Bxd1 21. Nb2 $1 {[%csl LRa7,LRd1]} Be2 $1
22. Rxa7+ Kd6 23. Rxf7 Ra8 {Hoping for ...Ra1+.} 24. Rxf6+ (24. Be4 {keeps
more tension.} Kc5 25. Kg2 Kd4 26. Bf3 Ra2 27. Nd1) 24... Ke7 25. d6+ {[%mdl
64] [#] Discovered Attack} (25. Re6+ {with more complications.} Kd8 26. Be4
Ra1+ 27. Kg2 Bf1+ 28. Kf3) 25... Kxf6 26. Bxa8 Bxd6 $11 {[%mdl 4096] Endgame
KBB-KBN} (26... Bc3 $1 $11 27. Na4 Bd4) 27. Na4 $14 Bd3 28. Nc3 h6 29. Be4 Ba6
30. Kg2 Bc5 31. Nd5+ Kf7 32. Nc7 Bc8 33. f3 Bb6 34. Nd5 Bc5 35. g4 Be6 36. Nc3
Bb4 37. Ne2 Kf6 38. h4 Be1 39. Ng3 Bc4 40. g5+ hxg5 41. Nh5+ Ke7 42. hxg5 Bd2
43. g6 Bh6 44. Kg3 Be6 45. Kh4 Bd2 46. Kg3 Bh6 47. Kf2 Bc4 48. Bf5 Bb3 49. Kg3
Bc4 50. Kg4 Bb3 51. Ng3 Bf4 52. Ne4 Bd5 53. Nc3 Bc4 54. Ne4 Bd5 55. Nc5 Be3 {
The position is equal.} 56. Nd7 (56. Be4 {seems wilder.} Bc4 57. Nd3 Kf6 58.
Kh5 Be6 59. Nb4) 56... Bd4 57. g7 Bg8 58. Kg5 {Strongly threatening Kg6.} Kf7
59. Be4 Kxg7 60. Nf6 Be6 {...Be3+ is the strong threat.} 61. Ng4 Bxg4 62. fxg4
{Weighted Error Value: White=0.07/Black=0.05} 1/2-1/2

[Event "FTX Crypto Cup Prelims 2021"]
[Site "Chess24"]
[Date "2021.05.18"]
[Round "11.6"]
[White "Grischuk, Alexander"]
[Black "Svidler, Peter"]
[Result "1-0"]
[WhiteElo "2784"]
[BlackElo "2742"]
[Annotator "RC"]
[PlyCount "63"]
[EventDate "2021.05.23"]
[EventType "tourn"]
[EventCountry "NET"]
[Tiebreak "Koya+Number of black wins+Number of wins"]
[SourceTitle "playchess.com"]
[Source "ChessBase"]
[SourceQuality "1"]
[TimeControl "900+10"]

1. d4 {[%emt 0:00:00]} Nf6 {[%emt 0:00:00]} 2. c4 {[%emt 0:00:00]} g6 {[%emt 0:
00:00]} 3. h4 {[%emt 0:00:00]} Bg7 {[%emt 0:01:25]} 4. Nc3 {[%emt 0:00:00]} O-O
{[%emt 0:00:03]} 5. e4 {[%emt 0:00:00]} d6 {[%emt 0:00:01]} 6. Be2 {[%emt 0:00:
00]} h5 {[%emt 0:01:04]} 7. Nf3 {[%emt 0:00:15]} c5 {[%emt 0:00:35]} 8. d5 {
[%emt 0:00:15]} e6 {[%emt 0:00:04]} 9. Bf4 {[%emt 0:03:55]} Re8 {[%emt 0:01:10]
} 10. Ng5 {[%emt 0:01:15]} exd5 {[%emt 0:01:07]} 11. exd5 {[%emt 0:00:01]} a6 {
[%emt 0:00:44]} 12. O-O {[%emt 0:00:11]} Nbd7 {[%emt 0:00:58]} 13. Bxd6 {
[%emt 0:02:31]} Qb6 {[%emt 0:00:04]} 14. Bf4 {[%emt 0:00:01]} Qxb2 {[%emt 0:00:
03]} 15. Rc1 {[%emt 0:00:41]} b5 {[%emt 0:01:39]} 16. cxb5 {[%emt 0:00:23]}
axb5 {[%emt 0:00:00]} 17. Bxb5 {[%emt 0:00:17]} Ra3 {[%emt 0:00:25]} 18. Qd2 {
[%emt 0:03:29]} Qb4 {[%emt 0:01:17]} 19. Bc6 {[%emt 0:00:18]} Ng4 {[%emt 0:01:
36]} 20. Nb5 {[%emt 0:01:29]} Qxd2 {[%emt 0:00:12]} 21. Bxd2 {[%emt 0:00:00]}
Rxa2 {[%emt 0:00:00]} 22. Bf4 {[%emt 0:00:26]} Ree2 {[%emt 0:00:28]} 23. Bg3 {
[%emt 0:00:01]} Ne3 {[%emt 0:00:51]} 24. Rfe1 {[%emt 0:02:34]} Nf5 {[%emt 0:00:
02]} 25. Rxe2 {[%emt 0:00:02]} Rxe2 {[%emt 0:00:01]} 26. Na7 {[%emt 0:00:21]}
Nxg3 {[%emt 0:01:31]} 27. Nxc8 {[%emt 0:00:09]} Bd4 {[%emt 0:00:22]} 28. Bxd7 {
[%emt 0:00:07]} Rxf2 {[%emt 0:00:08]} 29. Kh2 {[%emt 0:00:03]} Be5 {[%emt 0:00:
42]} 30. Re1 {[%emt 0:00:45]} Ne2+ {[%emt 0:00:13]} 31. Kh1 {[%emt 0:00:04]}
Bg3 {[%emt 0:02:12]} 32. Nh3 {[%emt 0:00:27]} 1-0